| 000 | 01211cam a2200229 4500 | ||
|---|---|---|---|
| 001 | ABS65859 | ||
| 008 | 020829n2002 000 0 eng u | ||
| 035 | _a(Sirsi) u119476 | ||
| 100 | _aWhitehead, M. | ||
| 245 | _aSay, you want a revolution | ||
| 260 | _c2002 | ||
| 490 |
_aMunicipal Journal _v 22 August 2002, 12(1) |
||
| 520 | _aExamines the reform of local government initiated by the Byatt Report last year and now strongly backed by the government and local authorities. A national forum is being set up to to involve a range of bodies including trade unions to offer advice on implementing the reforms. Specialist teams will be set up and from these will flow many of the other measures in the report which will open up local government contracts to local suppliers. Notes that fewer than 1 in 10 county and unitary authorities seen to have a dedicated team taking a stategic role on the procurement issues and the problem of a lack of capacity to fill the roles. | ||
| 590 | _aABS | ||
| 650 | _aLOCAL GOVERNMENT | ||
| 650 | _aLOCAL AUTHORITIES | ||
| 650 | _aProcurement-old | ||
| 650 | _aGOVERNMENT CONTRACTS | ||
| 650 | _aPURCHASING STRATEGY | ||
| 690 | _aLOCAL GOVERNMENT | ||
| 942 | _n0 | ||
| 999 |
_c71034 _d71034 |
||